000
00581nam a22001457a 4500
020
_a
9789327237177
082
_a
330.917
100
_a
R.K. Lekhi
245
_a
The economics of development and planning
260
_a
New Delhi
_b
Kalyani publishers
_c
2014
300
_a
different pages
942
_c
BK
999
_c
2977
_d
2977